[Event "HUN-chT2 Asztalos 1314"]
[Site "Hungary"]
[Date "2013.11.03"]
[Round "4"]
[White "Katona, Ivett"]
[Black "Nagy, Balazs"]
[Result "1/2-1/2"]
[WhiteElo "1579"]
[BlackElo "1673"]
[PlyCount "56"]
[EventDate "2013.09.08"]
[EventType "team-tourn"]
[EventRounds "9"]
[EventCountry "HUN"]
[SourceTitle "EXT 2016"]
[Source "ChessBase"]
[SourceDate "2015.10.08"]
[SourceVersion "1"]
[SourceVersionDate "2015.10.08"]
[SourceQuality "1"]
[WhiteTeam "Kiraly Sakk"]
[BlackTeam "Marcali"]
[WhiteTeamCountry "HUN"]
[BlackTeamCountry "HUN"]

1. f4 d5 2. d4 Bf5 3. e3 Nf6 4. Bd3 Bxd3 5. Qxd3 c6 6. Nf3 Nbd7 7. Nbd2 e6 8. 0-0 Bd6 9. h3 h5 10. Ne5 h4 11. c3 Qc7 12. b4 b5 13. a4 a6 14. axb5 cxb5 15. Bb2 Nb6 16. Rxa6 0-0 17. Qxb5 Rxa6 18. Qxa6 Bxe5 19. fxe5 Ne4 20. Nxe4 dxe4 21. Qe2 Na4 22. Rc1 Rb8 23. Qc2 Qc6 24. Ra1 Rxb4 25. Rb1 Nxc3 26. Bxc3 Rxb1+ 27. Qxb1 Qxc3 28. Qxe4 Qe1+ 1/2-1/2

[Event "HUN-ch U18 Girls"]
[Site "Balatonlelle"]
[Date "2012.06.24"]
[Round "3"]
[White "Juhasz, Barbara"]
[Black "Katona, Ivett"]
[Result "1-0"]
[WhiteElo "2081"]
[BlackElo "1530"]
[PlyCount "87"]
[EventDate "2012.06.22"]
[EventType "tourn"]
[EventRounds "7"]
[EventCountry "HUN"]
[SourceTitle "EXT 2014"]
[Source "ChessBase"]
[SourceDate "2013.11.20"]
[SourceVersion "1"]
[SourceVersionDate "2013.11.20"]
[SourceQuality "1"]

1. e4 e5 2. Nf3 Nf6 3. Nc3 Bb4 4. Nxe5 d6 5. Nd3 Bxc3 6. dxc3 Nxe4 7. Nf4 Nf6 8. c4 Bf5 9. Be2 Nbd7 10. 0-0 0-0 11. b3 Re8 12. Bb2 Ne5 13. Nd5 Bg6 14. f4 Nxd5 15. cxd5 Nd7 16. f5 Bxf5 17. Rxf5 a6 18. Qd4 f6 19. Bd3 Ne5 20. Raf1 Qd7 21. c4 Re7 22. Bb1 Rae8 23. R5f4 Nf7 24. Bf5 Qd8 25. Qd3 h6 26. Be6 Kh8 27. Bxf7 Rxf7 28. Qg6 Ree7 29. g4 Qf8 30. g5 Qg8 31. Rg4 fxg5 32. Qxh6+ Qh7 33. Qxh7+ Kxh7 34. Rxf7 Rxf7 35. Rxg5 g6 36. Rg3 Re7 37. Kf2 Kh6 38. Re3 Rf7+ 39. Kg3 g5 40. Re8 Kg6 41. Bd4 b6 42. Be3 Rg7 43. Kg4 Kh6 44. h4 1-0

[Event "HUN-ch U18 Girls"]
[Site "Balatonlelle"]
[Date "2012.06.23"]
[Round "2"]
[White "Katona, Ivett"]
[Black "Dudas, Szilvia"]
[Result "0-1"]
[WhiteElo "1530"]
[BlackElo "1887"]
[PlyCount "50"]
[EventDate "2012.06.22"]
[EventType "tourn"]
[EventRounds "7"]
[EventCountry "HUN"]
[SourceTitle "EXT 2014"]
[Source "ChessBase"]
[SourceDate "2013.11.20"]
[SourceVersion "1"]
[SourceVersionDate "2013.11.20"]
[SourceQuality "1"]

1. e4 e5 2. Nf3 Nc6 3. d4 exd4 4. Nxd4 Bc5 5. Be3 Qf6 6. c3 Nge7 7. Qd2 0-0 8. Nb5 Bxe3 9. Qxe3 Qe5 10. Nd2 d5 11. f4 Qh5 12. Nxc7 Rb8 13. h3 dxe4 14. Be2 Qa5 15. Nb5 Nf5 16. Qc5 Ng3 17. Nb3 Qd8 18. Rg1 Nxe2 19. Kxe2 Qd3+ 20. Ke1 Rd8 21. Nxa7 Be6 22. Nxc6 bxc6 23. Kf2 Qc2+ 24. Kg3 Rd3+ 25. Kh2 Rxh3# 0-1

[Event "HUN-chT2 Asztalos 1112"]
[Site "Hungary"]
[Date "2012.05.06"]
[Round "10.11"]
[White "Katona, Ivett"]
[Black "Lovasz, Marcell"]
[Result "0-1"]
[WhiteElo "1495"]
[BlackElo "1695"]
[PlyCount "62"]
[EventDate "2011.09.25"]
[EventType "team-tourn"]
[EventRounds "11"]
[EventCountry "HUN"]
[SourceTitle "EXT 2013"]
[Source "ChessBase"]
[SourceDate "2012.11.22"]
[SourceVersion "1"]
[SourceVersionDate "2012.11.22"]
[SourceQuality "1"]
[WhiteTeam "Dunaujvaros"]
[BlackTeam "Dombovar"]
[WhiteTeamCountry "HUN"]
[BlackTeamCountry "HUN"]

1. e4 c5 2. d4 cxd4 3. c3 dxc3 4. Nxc3 Nc6 5. Bc4 e6 6. Nf3 Bb4 7. 0-0 Bxc3 8. bxc3 Nge7 9. Qe2 0-0 10. Rd1 b6 11. Ba3 Bb7 12. Rd2 Qc8 13. Rad1 Rd8 14. Bd6 Ng6 15. h4 Na5 16. Rd4 Nxc4 17. Qxc4 Qxc4 18. Rxc4 Rac8 19. Rxc8 Rxc8 20. Bg3 Nf8 21. Ne5 Bxe4 22. Nxd7 Bd5 23. Nxf8 Kxf8 24. Be5 f6 25. Bd4 Rc7 26. Rd2 Ke7 27. f3 Rc4 28. Kf2 Ra4 29. Kg3 Rxa2 30. Rd1 Ra4 31. Rb1 Kd6 0-1

[Event "Dunaujvaros op-B U2000"]
[Site "Dunaujvaros"]
[Date "2011.03.15"]
[Round "7"]
[White "Katona, Ivett"]
[Black "Mezei, Szilard"]
[Result "1-0"]
[WhiteElo "1433"]
[BlackElo "1468"]
[PlyCount "61"]
[EventDate "2011.03.12"]
[EventType "swiss"]
[EventRounds "7"]
[EventCountry "HUN"]
[SourceTitle "EXT 2025"]
[Source "ChessBase"]
[SourceDate "2024.10.14"]
[SourceVersion "1"]
[SourceVersionDate "2024.10.14"]
[SourceQuality "1"]

1. e4 c5 2. Nf3 Nc6 3. d4 cxd4 4. c3 dxc3 5. Nxc3 e6 6. Bc4 Bc5 7. 0-0 Nge7 8. Bg5 f6 9. Bc1 0-0 10. Qe2 a6 11. Rd1 b5 12. Bxe6+ Kh8 13. Bb3 Qc7 14. Be3 Bxe3 15. Qxe3 Bb7 16. Rac1 Rae8 17. Qd2 b4 18. Nd5 Qd6 19. Nxe7 Qxd2 20. Ng6+ hxg6 21. Rxd2 Rxe4 22. Rxd7 Na5 23. Bc2 Rc4 24. b3 Rc5 25. Rd4 Rfc8 26. Ne1 R8c7 27. Bxg6 Bd5 28. Rxd5 Rxd5 29. Rxc7 Rd8 30. Re7 Nc6 31. Re8+ 1-0

[Event "Dunaujvaros op-B U2000"]
[Site "Dunaujvaros"]
[Date "2011.03.14"]
[Round "5"]
[White "Farkas, Laszlo2"]
[Black "Katona, Ivett"]
[Result "0-1"]
[WhiteElo "1326"]
[BlackElo "1433"]
[PlyCount "68"]
[EventDate "2011.03.12"]
[EventType "swiss"]
[EventRounds "7"]
[EventCountry "HUN"]
[SourceTitle "EXT 2025"]
[Source "ChessBase"]
[SourceDate "2024.10.14"]
[SourceVersion "1"]
[SourceVersionDate "2024.10.14"]
[SourceQuality "1"]

1. e4 e5 2. Nf3 Nc6 3. d4 exd4 4. Nxd4 Nge7 5. Nc3 Nxd4 6. Qxd4 Nc6 7. Qd1 Bb4 8. Bd2 Qe7 9. Qf3 0-0 10. 0-0-0 d6 11. Nd5 Bxd2+ 12. Rxd2 Qd8 13. Kb1 Re8 14. Bb5 Ne5 15. Nf6+ gxf6 16. Qg3+ Kh8 17. Bxe8 Qxe8 18. Qh4 Qe7 19. f4 Ng6 20. Qh6 Qxe4 21. Rf2 Bf5 22. Rc1 Re8 23. h3 Qe3 24. Rff1 Qg3 25. Qh5 Bd7 26. f5 Qh4 27. Qxh4 Nxh4 28. g4 Ng2 29. Rg1 Bc6 30. b3 Re3 31. Rh1 Re2 32. c4 Be4+ 33. Ka1 Ne3 34. Rce1 Rxe1+ 0-1